Club con más títulos de cada país de Europa - Estadísticas

Estadísticas generales
  • Esta prueba ha sido intentada 39 veces
    34 desde el último reinicio
  • La puntuación promedio es 15 de 26
Estadísticas de respuestas
País Club % Correcto
Francia Paris Saint-Germain
100%
España Real Madrid
100%
Alemania Bayern Múnich
97%
Italia Juventus
97%
Inglaterra Liverpool
97%
Portugal Benfica
94%
Países Bajos Ajax
91%
Escocia Rangers
82%
Turquía Galatasaray
76%
Croacia Dinamo Zagreb
70%
Serbia Estrella Roja
58%
Ucrania Dinamo Kiev
55%
Rumanía FCSB
55%
Dinamarca Copenhague
48%
Austria Rapid Wien
48%
Suecia Malmö
45%
Bélgica Anderlecht
42%
Bulgaria CSKA Sofia
42%
Polonia Legia Varsovia
42%
Rusia Spartak Moscú
36%
Grecia Olympiacos
33%
República Checa Sparta Praga
33%
Hungría Ferencváros
30%
Noruega Rosenborg
21%
Suiza Grasshopper
18%
Irlanda Shamrock Rovers
12%
No se encontraron pruebas coincidentes
Distribución de puntuación
Porcentaje de gente con cada puntuación
Porcentaje por número respondido
Historial de tus puntuaciones
No has intentado esta prueba desde el último reinicio